BIBLIOTHÈQUE DE LA MAISON DU MEXIQUE

Logo 1 Logo 2

Memorias del exilio (notice nᵒ 5002)

détails MARC
000 -Sello discográfico
campo de control de longitud fija 01129nam a2200301 4500
005 - Identificación de versión
campo de control 20251016083945.0
010 ## - Número Estándar Internacional de Libros (ISBN)
Número (ISBN) 978-970-35-1199-0
035 ## - Otros números de control del sistema
Número de control del sistema 33159
099 ## - fechas locales
Tipo de ítem Koha LIBRO
100 ## - Datos de procesamiento general
Datos de procesamiento general 20110915d2007 m y0spay5003 ba
105 ## - Campo de datos codificados: Material textual, monográfico
Datos codificados de monografía y 001zy
200 1# - Título y mención de responsabilidad
Título propio Memorias del exilio
Designación general del material texto impreso
Otra información del título la vida cotidiana de los primeros refugiados españoles en México
Primer mención de responsabilidad Tere Medina-Navascués
205 ## - Declaración de edición
Declaración de edición 1a ed
210 ## - Publicación, distribución, etc.
Lugar de publicación, distribución, etc. México
Nombre del editor, distribuidor, etc. Consejo Nacional para la Cultura y las Artes
Fecha de publicación, distribución, etc. 2007
215 ## - Descripción física
Designación de material específico y extensión del ítem 251 p
Dimensiones 21 cm
345 ## - Nota de información de adquisición
Fuente de adquisición/dirección de la suscripción [OBSOLETO] Donación 'Salon du Livre 2009'
410 #1 - Series
Título El guardagujas
Nombre de parte o sección Memorias
606 ## - Término temático usado como materia
Elemento de entrada Españoles en México
Subdivisión temática Vida social y costumbres
-- Relatos personales
Número Koha 9744
607 ## - Nombre geográfico utilizado como tema
Elemento de entrada España
Subdivisión temática Refugiados
Subdivisión geográfica México
Subdivisión temática Relatos personales
Número Koha 9745
607 ## - Nombre geográfico utilizado como tema
Elemento de entrada México
Subdivisión temática Refugiados
Subdivisión geográfica España
Subdivisión temática Relatos personales
Número Koha 9746
700 ## - Nombre personal - Responsabilidad primaria
Elemento de entrada Medina-Navascués
Parte del nombre distinta del elemento de entrada Tere
Fechas 1924-
Número Koha 9747
801 #0 - Fuente de origen
País FR
Agencia cm
Reglas de catalogación (convenciones descriptivas) AFNOR
900 ## -
-- 1/20459
942 ## - ELEMENTOS DE ENTRADA SECUNDARIOS (KOHA)
Tipo de ítem Koha Livre
996 ## -
-- MEX
-- 751145101
-- MMAG
-- 000334
-- 325.21 M491M
-- 20110915LIV
Exemplaires
Estatus retirado Estado de daño Estado de pérdida Fecha de adquisición Biblioteca de origen Biblioteca actual Ubicación en estantería Código de barras Precio de reemplazo Signatura topográfica completa No para préstamo Tipo de ítem Koha Nota pública Nota no pública
      05/08/2025 Casa México Paris Casa México Paris   000334 05/08/2025 325.21 M491M   Livre 20110915LIV 751145101